000 00294nam a22001337a 4500
008 171019b xxu||||| |||| 00| 0 eng d
020 _a9780030319624
041 _aeng
080 _a338
100 _a53
101 _aMEN
245 _aINTERNATIONAL MANAGEMENT
_cHOLT.D.H
942 _2udc
_cBK
999 _c34912
_d34912